[Event "VII Festival Piemonte Scacchi A"]
[Site "Torino ITA"]
[Date "2007.06.23"]
[Round "4"]
[White "Fittante, Giuliana"]
[Black "Matta, Francesca"]
[Result "0-1"]
[WhiteElo "1839"]
[BlackElo "1909"]
[PlyCount "118"]
[EventDate "2007.06.21"]

1. d4 Nf6 2. g3 g6 3. Bg2 Bg7 4. c4 d6 5. Nc3 O-O 6. Nf3 Nbd7 7. O-O c6 8. b4
d5 9. cxd5 cxd5 10. Bb2 Nb6 11. Ne5 Bf5 12. Rc1 Rc8 13. Qb3 e6 14. h3 g5 15. a4
Qe7 16. b5 Rfd8 17. Ba3 Qe8 18. a5 Nc4 19. Nxc4 Rxc4 20. Bc5 a6 21. bxa6 bxa6
22. Qb6 Nd7 23. Qb3 Nxc5 24. dxc5 Rxc5 25. Qa3 Rdc8 26. Na2 Qb5 27. g4 Bg6 28.
Bf3 h6 29. e3 Bb2 30. Rxc5 Rxc5 31. Qb4 Qxb4 32. Nxb4 Rxa5 33. Be2 e5 34. Rd1
d4 35. exd4 exd4 36. Nxa6 Bc3 37. Nc7 Ra2 38. Bc4 Ra1 39. Rxa1 Bxa1 40. Nd5 Bc2
41. Kf1 Bb2 42. Ke2 Kf8 43. f3 Ke8 44. Nf6+ Kf8 45. Nd5 Bg6 46. Kd2 h5 47. Nf6
hxg4 48. hxg4 Bc3+ 49. Kd1 Ke7 50. Ne4 f6 51. Bd3 Be8 52. Nxc3 dxc3 53. Kc2 Bc6
54. Be2 Ke6 55. Kxc3 Ke5 56. Kc4 Kf4 57. Bd3 Bxf3 58. Kd4 Bxg4 59. Bb5 Bf3 0-1

[Event "VII Festival Piemonte Scacchi A"]
[Site "Torino ITA"]
[Date "2007.06.23"]
[Round "4"]
[White "Parodi, Alessandro"]
[Black "Martin, Tiziano"]
[Result "1/2-1/2"]
[WhiteElo "1988"]
[BlackElo "2008"]
[PlyCount "45"]
[EventDate "2007.06.21"]

1. d4 d5 2. Nf3 Nf6 3. c4 e6 4. Nc3 Be7 5. cxd5 exd5 6. Bg5 h6 7. Bh4 O-O 8.
Qc2 b6 9. e3 c5 10. Be2 Bb7 11. O-O Nbd7 12. Rfd1 Ne4 13. Bxe7 Qxe7 14. Rac1
Nxc3 15. Qxc3 c4 16. b3 b5 17. bxc4 bxc4 18. Ne5 Nxe5 19. dxe5 Rfe8 20. f4 Qc5
21. Qd4 Rac8 22. Qxc5 Rxc5 23. e4 1/2-1/2

[Event "VII Festival Piemonte Scacchi A"]
[Site "Torino ITA"]
[Date "2007.06.23"]
[Round "4"]
[White "Ragni, Paolo"]
[Black "Zunino, Davide"]
[Result "1/2-1/2"]
[WhiteElo "2159"]
[BlackElo "1933"]
[PlyCount "71"]
[EventDate "2007.06.21"]

1. c4 e5 2. Nc3 Nc6 3. g3 f5 4. Bg2 Nf6 5. e3 d5 6. cxd5 Nb4 7. d3 Nfxd5 8.
Nge2 Nxc3 9. Nxc3 Nxd3+ 10. Ke2 e4 11. Qa4+ Bd7 12. Qc4 Bd6 13. Rd1 Qg5 14. Kf1
Ne5 15. Qb3 Nf3 16. Bxf3 exf3 17. Qxb7 O-O 18. Qxf3 Qh6 19. Kg1 Rab8 20. b3 Rb6
21. e4 Qh3 22. Be3 f4 23. Bxb6 fxg3 24. Qg2 gxh2+ 25. Kh1 axb6 26. Qxh3 Bxh3
27. Rd3 Bg4 28. f4 Rxf4 29. Kg2 Rf6 30. Re1 Be5 31. Nd5 Rh6 32. Ne7+ Kf7 33.
Nf5 Rf6 34. a4 Bxf5 35. exf5 Rxf5 36. b4 1/2-1/2

[Event "VII Festival Piemonte Scacchi A"]
[Site "Torino ITA"]
[Date "2007.06.23"]
[Round "4"]
[White "Sattanino, Andrea"]
[Black "Finocchiaro, Gianluca"]
[Result "0-1"]
[WhiteElo "1855"]
[BlackElo "1939"]
[PlyCount "62"]
[EventDate "2007.06.21"]

1. c4 f5 2. d4 d6 3. Nf3 Nf6 4. b3 g6 5. Bb2 Bg7 6. e3 O-O 7. Nbd2 Nh5 8. Be2
Nc6 9. O-O e5 10. dxe5 dxe5 11. Re1 e4 12. Nd4 Nxd4 13. Bxd4 Bxd4 14. exd4 Nf4
15. d5 Qg5 16. g3 Nh3+ 17. Kf1 f4 18. Nxe4 fxg3 19. Bf3 g2+ 20. Bxg2 Qf4 21. f3
Qxh2 22. Qd4 Bf5 23. Re2 Nf4 24. Qe5 Bxe4 25. Qxe4 Nxe2 26. Qxe2 Rae8 27. Qd3
Rf4 28. d6 cxd6 29. Qd5+ Rf7 30. Rd1 Qe5 31. Qxe5 dxe5 0-1

[Event "VII Festival Piemonte Scacchi A"]
[Site "Torino ITA"]
[Date "2007.06.23"]
[Round "4"]
[White "Viglino, Antonio"]
[Black "Vozza, Nicola"]
[Result "1-0"]
[WhiteElo "1847"]
[BlackElo "1995"]
[PlyCount "67"]
[EventDate "2007.06.21"]

1. Nf3 e6 2. c4 f5 3. g3 Nf6 4. Bg2 c6 5. O-O Na6 6. d4 d5 7. Nbd2 Bd6 8. a3
O-O 9. b4 Bd7 10. Qb3 Qe8 11. Ne5 Kh8 12. f3 Nc7 13. Bb2 b6 14. Rae1 c5 15. e4
Ba4 16. Qe3 fxe4 17. fxe4 Bxe5 18. dxe5 d4 19. Qg5 Qh5 20. Qxh5 Nxh5 21. Bf3 g6
22. Bxh5 gxh5 23. Rf6 Kg7 24. Ref1 Bc2 25. Bc1 Rxf6 26. exf6+ Kg6 27. Nf3 h6
28. Ne5+ Kh7 29. f7 Kg7 30. Nd7 Bxe4 31. f8=Q+ Rxf8 32. Rxf8 e5 33. Rf2 Bd3 34.
Nxe5 1-0

[Event "VII Festival Piemonte Scacchi A"]
[Site "Torino ITA"]
[Date "2007.06.24"]
[Round "5"]
[White "Finocchiaro, Gianluca"]
[Black "D'Amato, Piergiorgio"]
[Result "1/2-1/2"]
[WhiteElo "1939"]
[BlackElo "1938"]
[PlyCount "72"]
[EventDate "2007.06.21"]

1. e4 e6 2. d4 d5 3. exd5 exd5 4. c4 Bb4+ 5. Nc3 Ne7 6. Bd3 O-O 7. Nge2 Bg4 8.
O-O Nbc6 9. a3 Bxc3 10. bxc3 dxc4 11. Bxc4 Nd5 12. Qc2 Re8 13. Ng3 Qd7 14. Bd3
g6 15. Ne4 Bf5 16. Nc5 Bxd3 17. Qxd3 Qg4 18. Nxb7 Nf4 19. Bxf4 Qxf4 20. Rfe1
Rab8 21. Nc5 Rxe1+ 22. Rxe1 Rb2 23. Ne4 f5 24. Qc4+ Kg7 25. g3 Qf3 26. Qxc6
fxe4 27. Qxc7+ Kg8 28. Qd8+ Kg7 29. Qc7+ Kg8 30. Qf4 Rxf2 31. Qxf3 Rxf3 32.
Rxe4 Rxc3 33. d5 Rxa3 34. Rd4 Kf7 35. d6 Ke8 36. d7+ Kd8 1/2-1/2

[Event "VII Festival Piemonte Scacchi A"]
[Site "Torino ITA"]
[Date "2007.06.24"]
[Round "5"]
[White "Gallucci, Alessio"]
[Black "Ranieri, Fabrizio"]
[Result "0-1"]
[WhiteElo "1994"]
[BlackElo "2243"]
[PlyCount "54"]
[EventDate "2007.06.21"]

1. e4 e6 2. d4 d5 3. Nc3 Nf6 4. e5 Nfd7 5. f4 c5 6. Nf3 Nc6 7. Be3 cxd4 8. Nxd4
Qb6 9. Qd2 Qxb2 10. Rb1 Qa3 11. Ncb5 Qxa2 12. Rb3 Kd8 13. Kf2 Nc5 14. Bd3 Nxb3
15. Nxb3 Qa4 16. Qe2 Bd7 17. Ra1 Qb4 18. Bd2 Qe7 19. Nd6 Qh4+ 20. Kg1 Bxd6 21.
exd6 Qf6 22. Rb1 b6 23. c4 Re8 24. c5 e5 25. cxb6 axb6 26. Be3 d4 27. fxe5 Qxe5
0-1

[Event "VII Festival Piemonte Scacchi A"]
[Site "Torino ITA"]
[Date "2007.06.24"]
[Round "5"]
[White "Martin, Tiziano"]
[Black "Zunino, Davide"]
[Result "1-0"]
[WhiteElo "2008"]
[BlackElo "1933"]
[PlyCount "73"]
[EventDate "2007.06.21"]

1. d3 e5 2. c3 d5 3. Qc2 Nf6 4. e4 c6 5. Nf3 Bg4 6. Nxe5 Bh5 7. Be2 Bd6 8. Nf3
dxe4 9. dxe4 Qe7 10. Nbd2 Bg6 11. Bd3 Nbd7 12. O-O Nc5 13. Re1 O-O-O 14. Bc4
Nfxe4 15. Nxe4 Bxe4 16. Qe2 Rhe8 17. Be3 Qc7 18. Rad1 Ne6 19. g3 Nc5 20. Bxc5
Bxc5 21. Rxd8+ Qxd8 22. b4 Bb6 23. Bxf7 Re7 24. Ng5 Kc7 25. Ne6+ Rxe6 26. Bxe6
Bd3 27. Qe5+ Qd6 28. Qxd6+ Kxd6 29. Rd1 Kxe6 30. Rxd3 a5 31. Kf1 h6 32. Ke2 Bc7
33. f4 Bb6 34. Kf3 a4 35. c4 Bg1 36. h3 b5 37. c5 1-0

[Event "VII Festival Piemonte Scacchi A"]
[Site "Torino ITA"]
[Date "2007.06.24"]
[Round "5"]
[White "Matta, Francesca"]
[Black "Saccona, Silvano"]
[Result "0-1"]
[WhiteElo "1909"]
[BlackElo "2159"]
[PlyCount "136"]
[EventDate "2007.06.21"]

1. e4 c6 2. d3 d6 3. g3 g6 4. Bg2 Bg7 5. Nc3 Qb6 6. Nge2 h5 7. h3 e5 8. Rb1 Be6
9. Be3 Qc7 10. O-O Ne7 11. Nc1 Nd7 12. Nb3 Nf6 13. Qe2 b5 14. f4 Qc8 15. fxe5
dxe5 16. Kh2 Nd7 17. Nc5 Nxc5 18. Bxc5 Qd7 19. b3 O-O 20. Rf2 Rfd8 21. Rbf1 Nc8
22. Nb1 a5 23. a3 Bf8 24. Be3 c5 25. Nc3 Nb6 26. Bg5 Re8 27. Bf6 b4 28. axb4
axb4 29. Na4 Nxa4 30. bxa4 Qd4 31. Qd2 Rxa4 32. Qg5 Ba2 33. g4 hxg4 34. hxg4
Ra6 35. Rf3 Bg7 36. Rh3 Rxf6 37. Rxf6 Qd8 38. Rhf3 Bxf6 39. Qxf6 Qxf6 40. Rxf6
Be6 41. g5 Ra8 42. Rf1 Ra3 43. Bh3 Bxh3 44. Kxh3 Rc3 45. Rf2 b3 46. cxb3 Rxd3+
47. Kg2 Rxb3 48. Rc2 Rb4 49. Kf3 c4 50. Ke3 Rb3+ 51. Kd2 Rg3 52. Rxc4 Rxg5 53.
Ke3 Rg4 54. Rc5 Rg5 55. Kf3 Kg7 56. Rd5 f6 57. Ra5 Rg1 58. Ra7+ Kh6 59. Ra6 Kg5
60. Ra5 Rb1 61. Rc5 Rb3+ 62. Kf2 Kf4 63. Rc6 Rb2+ 64. Kf1 f5 65. Rxg6 Kxe4 66.
Ra6 Kf4 67. Ra4+ e4 68. Ke1 Kf3 0-1

[Event "VII Festival Piemonte Scacchi A"]
[Site "Torino ITA"]
[Date "2007.06.24"]
[Round "5"]
[White "Parodi, Alessandro"]
[Black "Ragni, Paolo"]
[Result "1/2-1/2"]
[WhiteElo "1988"]
[BlackElo "2159"]
[PlyCount "31"]
[EventDate "2007.06.21"]

1. d4 Nf6 2. c4 e6 3. Nc3 Bb4 4. Qc2 c5 5. e3 cxd4 6. exd4 d5 7. a3 Be7 8. c5
a5 9. Na4 Nbd7 10. Bb5 O-O 11. Ne2 e5 12. O-O Qc7 13. b4 axb4 14. axb4 b6 15.
Be3 bxc5 16. dxe5 1/2-1/2

[Event "VII Festival Piemonte Scacchi A"]
[Site "Torino ITA"]
[Date "2007.06.24"]
[Round "5"]
[White "Viglino, Antonio"]
[Black "Fittante, Giuliana"]
[Result "1-0"]
[WhiteElo "1847"]
[BlackElo "1839"]
[PlyCount "93"]
[EventDate "2007.06.21"]

1. Nf3 Nf6 2. c4 e6 3. g3 d5 4. d4 Bb4+ 5. Bd2 Bxd2+ 6. Nbxd2 O-O 7. Bg2 c6 8.
O-O Nbd7 9. Qc2 Qe7 10. Ne5 Nxe5 11. dxe5 Ng4 12. Nf3 f6 13. exf6 Qxf6 14. Rad1
Nh6 15. e4 e5 16. cxd5 Bg4 17. Rd3 cxd5 18. Rb3 Rac8 19. Qd3 d4 20. Qb5 Be6 21.
Nxe5 Bxb3 22. Qxb3+ Kh8 23. Nd7 Qf7 24. Nxf8 Qxb3 25. axb3 Rxf8 26. Rd1 Rd8 27.
Bf1 Ng4 28. Bc4 Ne5 29. Bd5 Nc6 30. f4 g6 31. Kf2 Kg7 32. Ke2 Kf8 33. Bxc6 bxc6
34. Ra1 Rd7 35. b4 Rb7 36. Ra4 c5 37. bxc5 Rxb2+ 38. Kd3 Rxh2 39. Kxd4 Rd2+ 40.
Ke5 Rc2 41. Kd6 Rd2+ 42. Kc7 Rc2 43. c6 Ke7 44. Rxa7 Rb2 45. Kc8+ Kd6 46. c7
Ke7 47. Rb7 1-0

[Event "VII Festival Piemonte Scacchi A"]
[Site "Torino ITA"]
[Date "2007.06.24"]
[Round "5"]
[White "Vozza, Nicola"]
[Black "Biancotti, Alessandro"]
[Result "1-0"]
[WhiteElo "1995"]
[BlackElo "1856"]
[PlyCount "89"]
[EventDate "2007.06.21"]

1. e4 c5 2. c3 d5 3. exd5 Qxd5 4. d4 cxd4 5. cxd4 Nf6 6. Nc3 Qd8 7. Nf3 e6 8.
Bc4 Be7 9. O-O O-O 10. Qe2 Nc6 11. Rd1 a6 12. d5 exd5 13. Nxd5 Nxd5 14. Bxd5
Qc7 15. Bg5 Bg4 16. Bxe7 Qxe7 17. Qxe7 Nxe7 18. Bxb7 Rab8 19. Bxa6 Rxb2 20. h3
Be6 21. a4 Ra8 22. Bb5 h6 23. Ne5 Nd5 24. Bc6 Rd8 25. Bxd5 Rxd5 26. Rxd5 Bxd5
27. a5 Rb8 28. Nd7 Rd8 29. Nb6 Ba8 30. Nxa8 Rxa8 31. a6 Kf8 32. Kf1 Ke7 33. Ke2
Kd6 34. Kd3 Kc6 35. Kc4 Kb6 36. Rb1+ Kc6 37. Ra1 Kb6 38. a7 Kc6 39. Ra6+ Kb7
40. Kb5 h5 41. Rb6+ Kc7 42. Ka6 Rd8 43. Rb7+ Kc6 44. Rb8 Rd6 45. Rb6+ 1-0

[Event "VII Festival Piemonte Scacchi A"]
[Site "Torino ITA"]
[Date "2007.06.24"]
[Round "5"]
[White "Xausa, Flavio"]
[Black "Banchio, Davide"]
[Result "1/2-1/2"]
[WhiteElo "2050"]
[BlackElo "1937"]
[PlyCount "84"]
[EventDate "2007.06.21"]

1. e4 e6 2. d3 d5 3. Nd2 c5 4. Ngf3 Nf6 5. g3 Nc6 6. Bg2 Be7 7. O-O O-O 8. Re1
b5 9. e5 Nd7 10. Nf1 a5 11. h4 Qc7 12. Bf4 Bb7 13. N1h2 d4 14. Bh3 Rfe8 15. Qe2
Nb4 16. a3 Nd5 17. Bg2 Rac8 18. Nf1 Nxf4 19. gxf4 Bxf3 20. Qxf3 Bxh4 21. Qh5
Be7 22. Qh3 Nf8 23. Ng3 f5 24. exf6 Bxf6 25. f5 exf5 26. Qxf5 Ng6 27. Ne4 Rf8
28. Ng5 Bxg5 29. Qxg5 Qf4 30. Bd5+ Kh8 31. Qxf4 Nxf4 32. Bb7 Rb8 33. Re7 Nh3+
34. Kg2 Nxf2 35. Kg3 Rf6 36. Rae1 Rbf8 37. Re8 Rg6+ 38. Kh2 Rgf6 39. Kg3 g6 40.
Rxf8+ Rxf8 41. Bf3 g5 42. Re5 g4 1/2-1/2

[Event "VII Festival Piemonte Scacchi A"]
[Site "Torino ITA"]
[Date "2007.06.24"]
[Round "6"]
[White "Banchio, Davide"]
[Black "Sattanino, Andrea"]
[Result "0-1"]
[WhiteElo "1937"]
[BlackElo "1855"]
[PlyCount "142"]
[EventDate "2007.06.21"]

1. e4 e5 2. Nf3 Nf6 3. Nxe5 d6 4. Nf3 Nxe4 5. d4 d5 6. Bd3 Be7 7. O-O O-O 8.
Re1 Nf6 9. c4 dxc4 10. Bxc4 Bf5 11. Nc3 Nbd7 12. Bg5 Nb6 13. Bb3 c6 14. Ne5
Nfd5 15. Bxe7 Nxe7 16. Qf3 Be6 17. Bxe6 fxe6 18. Qe4 Nf5 19. Rad1 Rf6 20. Rd3
Nd5 21. Ng4 Rg6 22. Ne5 Nd6 23. Qf3 Rf6 24. Qg4 Qe7 25. Nxd5 cxd5 26. Rf3 Raf8
27. Rxf6 Qxf6 28. Nf3 Ne4 29. Re2 Qh6 30. Rc2 Qf6 31. Ne5 Nxf2 32. Qe2 Ne4 33.
Nf3 Qf4 34. b4 Ng5 35. Rd2 Nxf3+ 36. gxf3 Qxf3 37. Qxe6+ Qf7 38. Re2 Qxe6 39.
Rxe6 Rf4 40. Re7 Rxd4 41. Rxb7 Rd1+ 42. Kf2 Rd2+ 43. Ke3 Rxa2 44. h4 Ra4 45. b5
Rxh4 46. Rxa7 Rb4 47. Rb7 h5 48. b6 h4 49. Rb8+ Kh7 50. b7 h3 51. Kf3 h2 52.
Kg2 Rb2+ 53. Kh1 d4 54. Rd8 Rxb7 55. Kxh2 Rb4 56. Kg3 Kh6 57. Kf4 d3+ 58. Kf5
Rb5+ 59. Ke4 Rb3 60. Kf5 Kh7 61. Rd7 Kh6 62. Rd6+ Kh5 63. Rd8 g6+ 64. Kf4 g5+
65. Kf5 Kh4 66. Ke4 Kg3 67. Ke3 g4 68. Rh8 Kg2 69. Rd8 g3 70. Rf8 d2+ 71. Kxd2
Rf3 0-1

[Event "VII Festival Piemonte Scacchi A"]
[Site "Torino ITA"]
[Date "2007.06.24"]
[Round "6"]
[White "Biancotti, Alessandro"]
[Black "Fittante, Giuliana"]
[Result "0-1"]
[WhiteElo "1856"]
[BlackElo "1839"]
[PlyCount "46"]
[EventDate "2007.06.21"]

1. e4 Nf6 2. Nc3 d5 3. e5 d4 4. exf6 dxc3 5. fxg7 cxd2+ 6. Bxd2 Bxg7 7. c3 Nc6
8. Nf3 Bf5 9. Qb3 Qc8 10. O-O-O O-O 11. Nh4 Be6 12. Bc4 Na5 13. Qb5 Nxc4 14.
Bf4 Nd6 15. Qg5 Ne4 16. Qa5 b6 17. Qb4 Nxf2 18. Rhf1 Nxd1 19. Rxd1 c5 20. Qe4
Qa6 21. a3 Rad8 22. Re1 Qd3 23. Qc6 Bb3 0-1

[Event "VII Festival Piemonte Scacchi A"]
[Site "Torino ITA"]
[Date "2007.06.24"]
[Round "6"]
[White "Gallucci, Alessio"]
[Black "Matta, Francesca"]
[Result "1-0"]
[WhiteElo "1994"]
[BlackElo "1909"]
[PlyCount "119"]
[EventDate "2007.06.21"]

1. e4 e5 2. Nf3 Nc6 3. Bc4 Bc5 4. O-O d6 5. c3 Qf6 6. h3 h6 7. d3 Nge7 8. Be3
O-O 9. d4 exd4 10. cxd4 Bb6 11. Nc3 Ng6 12. Nd5 Qd8 13. b4 Re8 14. Qb3 Nh8 15.
a4 a6 16. Nxb6 cxb6 17. Nd2 Bd7 18. Bd5 Be6 19. Bxe6 fxe6 20. Rac1 d5 21. e5
Ng6 22. f4 Rf8 23. Qb1 Nge7 24. g4 Qd7 25. Rf2 Rf7 26. Nf1 Raf8 27. Ng3 Na7 28.
Qb3 Kh7 29. Rcf1 g6 30. Bd2 Ng8 31. Qd3 Qxa4 32. f5 gxf5 33. gxf5 exf5 34. Nxf5
Kh8 35. e6 Rh7 36. Nh4 Rg7+ 37. Ng6+ Rxg6+ 38. Qxg6 Qe8 39. Qxe8 Rxe8 40. Rf7
Rxe6 41. Rxb7 Nb5 42. Rff7 Nf6 43. Rf8+ Ng8 44. Rbb8 Rg6+ 45. Kf2 Na3 46. Bf4
Nc4 47. Be5+ Nxe5 48. dxe5 h5 49. e6 Kh7 50. Rf7+ Kh6 51. e7 Nxe7 52. Rxe7 Rd6
53. Reb7 Kg5 54. Rxb6 Rd7 55. Rxa6 d4 56. Rg8+ Kh4 57. b5 d3 58. Ra4+ Kxh3 59.
Ra1 Kh2 60. Rg2+ 1-0

[Event "VII Festival Piemonte Scacchi A"]
[Site "Torino ITA"]
[Date "2007.06.24"]
[Round "6"]
[White "Ragni, Paolo"]
[Black "Saccona, Silvano"]
[Result "0-1"]
[WhiteElo "2159"]
[BlackElo "2159"]
[PlyCount "90"]
[EventDate "2007.06.21"]

1. e4 c6 2. d4 d5 3. exd5 Qxd5 4. Nc3 Qa5 5. h3 Nf6 6. Bd3 e6 7. Nf3 Nbd7 8.
O-O Be7 9. Qe2 O-O 10. Bg5 Re8 11. Rfe1 Nf8 12. a3 Qc7 13. Rad1 Bd7 14. Ne4
Nxe4 15. Qxe4 c5 16. Bxe7 Bc6 17. Qe3 Bxf3 18. Qxf3 Rxe7 19. dxc5 Qxc5 20. Be4
Rb8 21. Re3 b6 22. Rc3 Qg5 23. Rcd3 Ree8 24. b4 Rec8 25. Bc6 Ng6 26. Rd7 Ne5
27. Qe4 Nxc6 28. f4 Qf6 29. b5 Ne7 30. Qb7 Nd5 31. Qxa7 Rf8 32. c4 Ne3 33. R1d4
h6 34. a4 Qg6 35. Kf2 Nf5 36. Rd3 Qf6 37. a5 bxa5 38. g4 Nh4 39. Kg3 Ng6 40.
Qd4 Qh4+ 41. Kg2 Qe1 42. Rd1 Qb4 43. Rc7 Qb3 44. Kh2 Nxf4 45. Qxf4 Qxd1 0-1

[Event "VII Festival Piemonte Scacchi A"]
[Site "Torino ITA"]
[Date "2007.06.24"]
[Round "6"]
[White "Ranieri, Fabrizio"]
[Black "Martin, Tiziano"]
[Result "0-1"]
[WhiteElo "2243"]
[BlackElo "2008"]
[PlyCount "62"]
[EventDate "2007.06.21"]

1. e4 e5 2. Bc4 d6 3. Nf3 Be7 4. d4 exd4 5. Nxd4 Nf6 6. Nc3 O-O 7. O-O a6 8. a4
Nc6 9. Nxc6 bxc6 10. Qe2 Nd7 11. f4 Bf6 12. Bd2 Re8 13. Qf3 Rb8 14. b3 Bd4+ 15.
Kh1 Nf6 16. f5 d5 17. exd5 cxd5 18. Bd3 Bb7 19. Rae1 Rxe1 20. Bxe1 Bxc3 21.
Bxc3 d4 22. Qe2 dxc3 23. Bxa6 Qd2 24. Rd1 Qxe2 25. Bxe2 Be4 26. Bd3 Rd8 27. Kg1
Bxd3 28. cxd3 Nd5 29. Kf2 Nb4 30. Ke2 Re8+ 31. Kf3 Na2 0-1

[Event "VII Festival Piemonte Scacchi A"]
[Site "Torino ITA"]
[Date "2007.06.24"]
[Round "6"]
[White "Viglino, Antonio"]
[Black "Parodi, Alessandro"]
[Result "0-1"]
[WhiteElo "1847"]
[BlackElo "1988"]
[PlyCount "88"]
[EventDate "2007.06.21"]

1. Nf3 Nf6 2. c4 g6 3. Nc3 Bg7 4. e4 d6 5. d4 O-O 6. Be2 c5 7. O-O cxd4 8. Nxd4
Nc6 9. Be3 Nd7 10. Qd2 Nde5 11. h3 Nxd4 12. Bxd4 f5 13. f4 Nc6 14. Bxg7 Kxg7
15. Rad1 e5 16. fxe5 Qb6+ 17. Kh1 dxe5 18. Nd5 Qd4 19. Qxd4 Nxd4 20. Bd3 Bd7
21. Kh2 Rf7 22. Ne3 f4 23. Nc2 Nxc2 24. Bxc2 Bc6 25. Rd6 Rf6 26. Rfd1 Rxd6 27.
Rxd6 Kf7 28. Kg1 Ke7 29. Rd2 Rd8 30. Rxd8 Kxd8 31. Kf2 Ke7 32. h4 a5 33. g3
fxg3+ 34. Kxg3 Kd6 35. Kg4 h6 36. h5 Bd7+ 37. Kf3 g5 38. b3 Kc5 39. Ke3 Bg4 40.
a3 Bxh5 41. Bd3 Bg4 42. Be2 Bxe2 43. Kxe2 Kd4 44. Kf3 h5 0-1

[Event "VII Festival Piemonte Scacchi A"]
[Site "Torino ITA"]
[Date "2007.06.24"]
[Round "6"]
[White "Xausa, Flavio"]
[Black "Finocchiaro, Gianluca"]
[Result "1/2-1/2"]
[WhiteElo "2050"]
[BlackElo "1939"]
[PlyCount "82"]
[EventDate "2007.06.21"]

1. e4 d6 2. c3 Nf6 3. d3 g6 4. g3 Bg7 5. Bg2 c6 6. a4 Nbd7 7. Ne2 O-O 8. O-O d5
9. Qc2 dxe4 10. dxe4 Nc5 11. Be3 Qd3 12. Qxd3 Nxd3 13. Bc1 Nxc1 14. Rxc1 Rd8
15. Nd4 Bh6 16. Re1 e5 17. Nf3 Re8 18. Nbd2 Be6 19. Bf1 Bxd2 20. Nxd2 Rad8 21.
Rad1 a5 22. Nc4 Bxc4 23. Bxc4 Kf8 24. f3 h6 25. Kf2 g5 26. Ke3 Ke7 27. b4 axb4
28. cxb4 Nd7 29. b5 Nb6 30. Bb3 cxb5 31. axb5 Rxd1 32. Rxd1 Ra8 33. Rd3 Ra5 34.
Rc3 Rxb5 35. h4 f6 36. hxg5 hxg5 37. f4 gxf4+ 38. gxf4 exf4+ 39. Kxf4 Kd6 40.
Rd3+ Kc5 41. Kf5 Rb4 1/2-1/2

[Event "IV Festival"]
[Site "Vacone ITA"]
[Date "2007.06.30"]
[Round "2"]
[White "Quimi, Marco"]
[Black "Testa, Adriano"]
[Result "0-1"]
[WhiteElo "2308"]
[BlackElo "1907"]
[PlyCount "132"]
[EventDate "2007.06.29"]

1. d4 d5 2. Nf3 Nf6 3. Bf4 c5 4. c3 Qb6 5. Qc1 cxd4 6. cxd4 Nc6 7. e3 Bf5 8.
Nc3 e6 9. Be2 Be7 10. O-O O-O 11. a3 Na5 12. Na4 Qd8 13. Qd1 Rc8 14. Rc1 Rxc1
15. Qxc1 Qc8 16. b4 Nb3 17. Qb2 Qc2 18. Bd1 Qxb2 19. Nxb2 Nc1 20. Ne5 Rc8 21.
g4 Bc2 22. Bf3 Be4 23. Bxe4 Nxe4 24. f3 Ne2+ 25. Kh1 Nd2 26. Rf2 Rc1+ 27. Kg2
Nxf4+ 28. exf4 Nb3 29. Nbd3 Rc7 30. f5 f6 31. fxe6 fxe5 32. dxe5 g5 33. f4 Rc3
34. Ne1 gxf4 35. Rxf4 Rc4 36. Nd3 Rc2+ 37. Nf2 Bh4 38. Kh3 Rxf2 39. e7 Bxe7 40.
Rxf2 d4 41. Rb2 Nc1 42. Rd2 d3 43. Rd1 Bg5 44. Kg3 d2 45. Kf3 Nd3 46. h4 Nb2
47. hxg5 Nxd1 48. Ke2 Ne3 49. Kxd2 Nc4+ 50. Kc3 Nxe5 51. Kd4 Nxg4 52. Kc5 Ne5
53. b5 Kf7 54. Kd5 Nf3 55. Kd6 Nd4 56. a4 Ne6 57. a5 Nd4 58. Kc7 b6 59. a6
Nxb5+ 60. Kc6 Nc3 61. Kb7 Nd5 62. Kxa7 Nb4 63. Kxb6 Nxa6 64. Kxa6 Kg6 65. Kb5
Kxg5 66. Kc4 Kf4 0-1

[Event "C.to Italiano U16"]
[Site "Terrasini ITA"]
[Date "2007.07.03"]
[Round "3"]
[White "Gazzarri, Leonardo"]
[Black "Perano, Simone"]
[Result "1-0"]
[WhiteElo "1845"]
[BlackElo "1596"]
[PlyCount "33"]
[EventDate "2007.07.02"]

1. e4 c5 2. c3 d5 3. exd5 Qxd5 4. d4 cxd4 5. cxd4 Nc6 6. Nf3 Bg4 7. Be2 e6 8.
Nc3 Qa5 9. O-O Nf6 10. Bf4 Nb4 11. Qb3 Qb6 12. Bb5+ Nc6 13. Na4 Qd8 14. Ne5 Rc8
15. Rac1 Qd5 16. Bxc6+ bxc6 17. Qb7 1-0

[Event "C.to Italiano U16"]
[Site "Terrasini ITA"]
[Date "2007.07.04"]
[Round "5"]
[White "Paolinelli, Giacomo"]
[Black "Pesce, Gabriele"]
[Result "1-0"]
[WhiteElo "2052"]
[BlackElo "2000"]
[PlyCount "55"]
[EventDate "2007.07.02"]

1. e4 c5 2. Nc3 Nc6 3. g3 g6 4. Bg2 Bg7 5. d3 d6 6. Be3 Rb8 7. Qd2 b5 8. Nge2
Nd4 9. O-O b4 10. Nd1 a5 11. f4 a4 12. f5 Nxe2+ 13. Qxe2 Ba6 14. fxg6 hxg6 15.
e5 Bxe5 16. Qf3 Bb7 17. Qxf7+ Kd7 18. Bxb7 Rxb7 19. Bxc5 Qc7 20. Bf2 Qxc2 21.
Ne3 Qe2 22. Qd5 Rb8 23. Rac1 Qh5 24. Qc6+ Ke6 25. Qc4+ Kd7 26. Ng4 Nf6 27.
Nxe5+ Ke8 28. Qc8+ 1-0

[Event "C.to Italiano U16"]
[Site "Terrasini ITA"]
[Date "2007.07.??"]
[Round "6"]
[White "Bolognini, Marcello"]
[Black "Esposito, Leonardo"]
[Result "1-0"]
[WhiteElo "1470"]
[BlackElo "1594"]
[PlyCount "61"]
[EventDate "2007.07.02"]

1. e4 e6 2. d4 d5 3. e5 c5 4. c3 Nc6 5. Nf3 Qb6 6. Nbd2 Bd7 7. Nb3 f6 8. Be2
fxe5 9. dxe5 Qc7 10. Be3 b6 11. O-O Nxe5 12. Nxe5 Qxe5 13. Re1 Qc7 14. Bf3 Rc8
15. Bxd5 Nf6 16. Bf3 Be7 17. Qc2 O-O 18. Rad1 Ba4 19. Qc1 c4 20. Bf4 Bd6 21.
Bxd6 Qf7 22. Bxf8 Rxf8 23. Nd4 Bxd1 24. Qxd1 Re8 25. Qe2 e5 26. Nc2 e4 27. Bg4
Nd5 28. Ne3 b5 29. Nxd5 Qxd5 30. Bf3 Qd3 31. Bxe4 1-0

[Event "C.to Italiano U14"]
[Site "Terrasini ITA"]
[Date "2007.07.03"]
[Round "4"]
[White "Innocenti, Giovanni"]
[Black "Davi, Alessandro"]
[Result "1-0"]
[WhiteElo "1527"]
[BlackElo "1834"]
[PlyCount "55"]
[EventDate "2007.07.02"]

1. e4 c6 2. d4 d5 3. Nc3 dxe4 4. Nxe4 Nd7 5. Nf3 e6 6. Bc4 Ngf6 7. Nxf6+ Nxf6
8. O-O Qc7 9. Re1 Bd6 10. c3 b6 11. Qd3 Nd5 12. Bd2 h6 13. h3 Bb7 14. Bxd5 cxd5
15. Rac1 a5 16. Ne5 Ba6 17. Qc2 Rc8 18. Qa4+ b5 19. Qd1 Qe7 20. Qg4 Qf6 21. Re3
h5 22. Qg3 Qh6 23. Re2 Qh7 24. Qe3 Rg8 25. Nxf7 Rc7 26. Nxd6+ Kd7 27. Qxe6+ Kc6
28. Ne8+ 1-0

[Event "C.to Italiano U12"]
[Site "Terrasini ITA"]
[Date "2007.07.02"]
[Round "1"]
[White "Rossini, Luca"]
[Black "Basilici, Lodovico"]
[Result "1-0"]
[WhiteElo "1371"]
[BlackElo "1440"]
[PlyCount "83"]
[EventDate "2007.07.02"]

1. d4 d5 2. c4 Nc6 3. Nc3 dxc4 4. e3 e5 5. Nf3 f6 6. Bxc4 Bf5 7. Bxg8 Rxg8 8.
d5 Nb4 9. e4 Bg6 10. a3 Na6 11. O-O Bd6 12. Be3 f5 13. Qd3 Bc5 14. Bxc5 Nxc5
15. Qb5+ Nd7 16. Nxe5 Qe7 17. exf5 Qxe5 18. Rae1 O-O-O 19. Rxe5 Nxe5 20. fxg6
hxg6 21. Re1 c6 22. dxc6 bxc6 23. Qxe5 Rge8 24. Qxe8 Rxe8 25. Rxe8+ Kd7 26. Rg8
Ke7 27. Rxg7+ Kf6 28. Rxa7 c5 29. b4 cxb4 30. axb4 Ke6 31. Rc7 Kd6 32. Rc4 Kd7
33. b5 Kd6 34. b6 Ke6 35. b7 Ke5 36. b8=Q+ Kf5 37. Qb5+ Kf6 38. Rc6+ Kg7 39. g4
Kh7 40. g5 Kg7 41. Qb7+ Kf8 42. Rc8# 1-0

[Event "C.to Italiano U12"]
[Site "Terrasini ITA"]
[Date "2007.07.02"]
[Round "2"]
[White "De Filomeno, Simone"]
[Black "Giuliano, Vincenzo"]
[Result "1-0"]
[WhiteElo "2034"]
[BlackElo "1455"]
[PlyCount "73"]
[EventDate "2007.07.02"]

1. e4 e5 2. Nf3 Nc6 3. Bb5 a6 4. Ba4 Nf6 5. O-O Be7 6. Re1 b5 7. Bb3 O-O 8. h3
Re8 9. d3 h6 10. Nc3 Bb4 11. Bd2 d6 12. a3 Ba5 13. a4 Be6 14. Bxe6 fxe6 15.
axb5 Bxc3 16. bxc3 axb5 17. Rb1 Rb8 18. d4 d5 19. exd5 exd5 20. Nxe5 Nxe5 21.
dxe5 Ne4 22. f3 Nc5 23. Qe2 c6 24. Qe3 Nd7 25. f4 Qb6 26. Qxb6 Rxb6 27. Ra1 Rb7
28. Ra6 Rc7 29. Be3 c5 30. Rd6 d4 31. cxd4 cxd4 32. Bxd4 Re7 33. c3 Nc5 34. e6
Nd3 35. Re4 g6 36. Rd8+ Kh7 37. Rh8# 1-0